Central Library OPAC University of Rajshahi

Semigroups / (Record no. 6754)

MARC details
000 -LEADER
fixed length control field 01030cam a22003012 4500
001 - CONTROL NUMBER
control field 6754
003 - CONTROL NUMBER IDENTIFIER
rucl marc code BD-RjUL
005 - DATE AND TIME OF LATEST TRANSACTION
control field 20211208234315.0
008 - FIXED-LENGTH DATA ELEMENTS--GENERAL INFORMATION
fixed length control field 140112s1963 riu b 001 0 eng c
035 ## - SYSTEM CONTROL NUMBER
System control number (BD-RjUL)6795
-- OCLC ocm00523909 from D970929M
040 ## - CATALOGING SOURCE
Original cataloging agency DLC/ICU
Transcribing agency CGU
Modifying agency DLC
-- BD-RjUL
Language of cataloging eng
041 1# - LANGUAGE CODE
Language code of text/sound track or separate title eng
Language code of original rus
082 00 - DEWEY DECIMAL CLASSIFICATION NUMBER
Classification number 512.86
Author mark and year LJS 1963
100 1# - MAIN ENTRY--PERSONAL NAME
Personal name Ljapin, E. S.
9 (RLIN) 21245
245 10 - TITLE STATEMENT
Title Semigroups /
Statement of responsibility, etc. Ljapin E. S., [Translated from the Russian by A.A. Brown and others].
260 ## - PUBLICATION, DISTRIBUTION, ETC. (IMPRINT)
Place of publication, distribution, etc. Providence :
Name of publisher, distributor, etc. American Mathematical Society,
Date of publication, distribution, etc. 1963.
300 ## - PHYSICAL DESCRIPTION
Pagination vii, 447 p. ;
Size 23 cm.
490 1# - SERIES STATEMENT
Series statement Translations of mathematical monographs ;
Volume/sequential designation v. 3
500 ## - GENERAL NOTE
General note "Publication aided by grant NSF-GN 57 from the National Science Foundation."
504 ## - BIBLIOGRAPHY, ETC. NOTE
Bibliography, etc nclude bibliography and index.
650 #0 - SUBJECT ADDED ENTRY--TOPICAL TERM
Topical term or geographic name as entry element Semigroups.
9 (RLIN) 21246
830 #0 - SERIES ADDED ENTRY--UNIFORM TITLE
Volume number/sequential designation v. 3
Uniform title Translations of mathematical monographs ;
942 ## - ADDED ENTRY ELEMENTS (KOHA)
Source of classification or shelving scheme Dewey Decimal Classification
Koha item type Books
Holdings
Lost status Source of classification or shelving scheme Damaged status Not for loan Collection code Permanent Location Current Location Shelving location Date acquired Source of acquisition Cost, normal purchase price Total Checkouts Full call number Date last seen Copy number Koha item type
  Dewey Decimal Classification   Not For Loan Non-fiction Central Library, University of Rajshahi Central Library, University of Rajshahi   16/11/2065 Zeitlinger 174.00   512.86 LJS 1963 12/01/2014 C-1 Books